Statistics for Last time a QB threw 30 touchdowns

Click here to take the quiz!

General Stats

  • This quiz has been taken 26 times
  • The average score is 29 of 32

Answer Stats

TeamSeasonTDsQB% Correct
ATL201835Matt Ryan
100%
NEP201732Tom Brady
100%
TBB202143Tom Brady
100%
GBP202137Aaron Rodgers
96%
PIT202033Ben Roethlisberger
96%
CAR201535Cam Newton
96%
DAL202137Dak Prescott
96%
MIA199430Dan Marino
96%
LVR201532Derek Carr
96%
NYG201535Eli Manning
96%
MIN202133Kirk Cousins
96%
BAL201936Lamar Jackson
96%
LAR202141Matthew Stafford
96%
DET201532Matthew Stafford
96%
CHIN/AN/AN/A
96%
KAN202137Patrick Mahomes
96%
DEN201439Peyton Manning
96%
SEA202040Russell Wilson
96%
TEN202033Ryan Tannehill
96%
IND201839Andrew Luck
91%
ARI201535Carson Palmer
91%
NOS201832Drew Brees
91%
CIN202134Joe Burrow
91%
BUF202136Josh Allen
91%
LAC202138Justin Herbert
91%
JAX201535Blake Bortles
87%
PHI201733Carson Wentz
87%
HOU202033Deshaun Watson
87%
SFF200132Jeff Garcia
70%
NYJ201531Ryan Fitzpatrick
70%
CLE198030Brian Sipe
48%
WAS196731Sonny Jurgensen
43%

Score Distribution

Percentile by Number Answered

Percent of People with Each Score

Your Score History

You have not taken this quiz